Countries of Africa with Two or More Words - Statistics

General Stats
  • This quiz has been taken 306 times
  • The average score is 10 of 12
Answer Stats
Country % Correct
South Africa
96%
South Sudan
94%
Democratic Republic of the Congo
92%
Republic of the Congo
89%
Cabo Verde
85%
Central African Republic
85%
Guinea-Bissau
81%
São Tomé and Príncipe
81%
Burkina Faso
80%
Equatorial Guinea
80%
Sierra Leone
71%
Côte d’Ivoire
65%
No matching quizzes found
Score Distribution
Percent of People with Each Score
Percentile by Number Answered
Your Score History
You have not taken this quiz